Faces, Edges and Vertices - Statistics

General Stats
  • This quiz has been taken 8 times
  • The average score is 13 of 15
Answer Stats
Shape Faces % Correct
Cube 6
100%
Dodecahedron 12
83%
Cube 12
83%
Octahedron 12
83%
Icosahedron 20
83%
Dodecahedron 20
83%
Dodecahedron 30
83%
Icosahedron 30
83%
Tetrahedron 4
83%
Tetrahedron 4
83%
Tetrahedron 6
83%
Octahedron 6
83%
Octahedron 8
83%
Cube 8
83%
Icosahedron 12
67%
No matching quizzes found
Score Distribution
Percent of People with Each Score
Percentile by Number Answered
Your Score History
You have not taken this quiz